| 000 | 00600nam a2200193 u 4500 | ||
|---|---|---|---|
| 005 | 20240228064224.0 | ||
| 008 | 151110s2010 r 000 0 eng d | ||
| 020 | _a9788493790271 | ||
| 035 | _aUPN01000206662 | ||
| 049 | _aI | ||
| 050 | 4 |
_aPZ78 _bG3.9 |
|
| 100 | 1 |
_aMartín Garzo, Gustavo, _d1948- _937971 |
|
| 245 | 1 | 3 |
_aEl pacto del bosque / _cGustavo Martín Garzo ; il. de Beatriz Martín Vidal. |
| 260 |
_aMadrid : _bEl Jinete Azul, _c2010. |
||
| 300 |
_a[28] p. : _bil. |
||
| 650 | 4 |
_aLiteratura infantil española _95892 |
|
| 650 | 4 |
_aLibros y lectura para niños _92290 |
|
| 905 | _aInfantil | ||
| 999 |
_c178763 _d178763 |
||